000 01591cab a2200181 4500
001 ##L134285
008 060724n2006 000 0 eng u
035 _a(Sirsi) u134285
041 0 _aeng
245 0 0 _aScottish Widows plc v Stewart
260 _c2006
520 _a[2006] EWCA Civ 999, 14 July 2006. Concerns a lack of evidence of agreed assignment of, or contract to assign, the cause of action by one company to another, leading to the failure of a claim for damages. A motor repair company set up by S specialising in high performance cars suffered a loss of business when landlord W installed speed bumps on the approach roads to the estate. The judge decided that, as the business of this company was being carried on by a second company, it was this second company that had suffered the loss. After the loss, this second company either changed its name to that of the original company, or reassigned the business back to the original company, and went into liquidation. The judge decided there had been equitable assignment of cause of action and ruled that the original company could claim for damages. W appealed. "Held": W's appeal allowed. S did not include any evidence to show that the business, and thus the claim, had been reassigned to the original company.
590 _aIKA010806
650 2 4 _aSCOTTISH WIDOWS PLC V STEWART
690 _aPROPERTY-COMMERCIAL PROPERTY-LEASEHOLD COMMERCIAL PROPERTY-COMMERCIAL LANDLORD AND TENANT
856 4 0 _uhttps://www.bailii.org/ew/cases/EWCA/Civ/2006/999.html
_zView the item free of charge at www.bailii.org...
942 _n0
999 _c77434
_d77434